Adolf Loos, 1870-1933: arquitecto, crítico cultural, dandi

Guardat en:
Dades bibliogràfiques
Autor principal: Sarnitz, August (Autor)
Format: Llibre
Idioma:espanyol
Publicat: Colonia Taschen 2003
Matèries:
Etiquetes: Afegir etiqueta
Sense etiquetes, Sigues el primer a etiquetar aquest registre!

MARC

LEADER 00000nam a2200000 a 4500
001 UCG7149
003 CL-VaPUC
008 110624e20030000GW |||||||||||||||||spa|d
020 |a 9783822827703 
082 0 4 |a 720  |b SAR  |2 21 
100 0 |a Sarnitz, August  |e author  |9 557737 
245 1 0 |a Adolf Loos, 1870-1933: arquitecto, crítico cultural, dandi 
300 |a 96 p 
942 |c BK 
945 |d 20110624 00:00:00  |a dcastane 
260 |a Colonia  |b Taschen  |c 2003 
600 0 |a Loos, Adolf,  |d 1870-1933  |9 265391 
650 0 |a Arquitectura  |9 804558 
650 0 |a Arquitectura austriaca   |9 523482 
650 0 |a Arquitectos austriacos   |9 428608 
650 0 |a Arquitectura moderna  |9 265021 
583 |a last modification  |c 20110624 00:00:00  |k Rodrigo Vera 
999 |c 345213  |d 345211 
952 |0 0  |1 0  |4 0  |6 720_000000000000000_SAR_2003  |7 0  |8 C  |9 443694  |a BIBCUR  |b BIBCUR  |d 2019-11-22  |i 4785339  |o 720 SAR 2003  |p 4785339  |r 2025-04-22  |w 2019-11-22  |y BK  |k CAC